000 00843cab a2200253 4500
001 WB3245-41
008 090401t1996 xxu||||| |||| 00| 0 eng d
035 _a(Sirsi) u60394
041 _aeng
245 _aRICS/ISVA merger proposed again
260 _c1996
350 _a0
490 _aEstates Gazette
_v(9647) 23 November 1996, 40
520 _aFormer RICS President Christopher Jonas at the Hamptons Lecture calls for the RICS and ISVA to reconsider merger between the two organisations.
650 _aCHRISTOPHER JONAS
650 _aHAMPTONS LECTURE
650 _aABOUT RICS-RELATED ORGANISATIONS-INCORPORATED SOCIETY OF VALUERS AND AUCTIONEERS
650 _aMERGER
650 _aRICS
650 _aSELF-REGULATION
690 _aMANAGEMENT-BUSINESS MANAGEMENT-PROFESSIONAL PRACTICE
942 _n0
948 _c04/03/1997
999 _c37235
_d37235